Welcome to CU Library Online Public Access Catalogue (OPAC)

The Anatomy Coloring Book/ (Record no. 2223)

MARC details
000 -LEADER
fixed length control field 00461nam a22001577a 4500
005 - DATE AND TIME OF LATEST TRANSACTION
control field 20241214142553.0
008 - FIXED-LENGTH DATA ELEMENTS--GENERAL INFORMATION
fixed length control field 241214b |||||||| |||| 00| 0 eng d
020 ## - INTERNATIONAL STANDARD BOOK NUMBER
International Standard Book Number 0064539148
050 ## - LIBRARY OF CONGRESS CALL NUMBER
Classification number QM25
Item number .K36
100 ## - MAIN ENTRY--PERSONAL NAME
Personal name Kapit, Wynn
245 ## - TITLE STATEMENT
Title The Anatomy Coloring Book/
Statement of responsibility, etc. Wynn Kapit & Lawrence M. Elson
260 ## - PUBLICATION, DISTRIBUTION, ETC.
Place of publication, distribution, etc. Cambridge, Philadelphia
Name of publisher, distributor, etc. Harper & Row Publishers
Date of publication, distribution, etc. 1977
300 ## - PHYSICAL DESCRIPTION
Extent 142p.
Other physical details ill.
Dimensions 27.5cm
700 ## - ADDED ENTRY--PERSONAL NAME
Personal name Elson, Lawrence M.
942 ## - ADDED ENTRY ELEMENTS (KOHA)
Source of classification or shelving scheme Library of Congress Classification
Koha item type Books
Suppress in OPAC No
999 ## -
-- 2223
-- 2223
Holdings
Withdrawn status Lost status Source of classification or shelving scheme Damaged status Not for loan Collection Home library Current library Shelving location Date acquired Total checkouts Full call number Barcode Date last seen Copy number Price effective from Koha item type
    Library of Congress Classification     Non-fiction Science Library (Miotso) Science Library (Miotso) General stacks 12/14/2024   QM25 .K36 KAP SLM00001435 12/14/2024 1 12/14/2024 Books
© 2023-2024 Copyright: Central University Libraries. All Rights Reserved | Created by: Mahone Tech Office